000 00587nam a2200241Ia 4500
003 OSt
005 20220924151703.0
006 a|||||r|||| 00| 0
007 ta
008 220923b |||||||| |||| 00| 0 tel d
020 _c3.75
024 _a338673
037 _cTextual
040 _aARTS
_cARTS
_btel
041 _2tel
_atel
082 _aT.58.N, 35L7
100 _aSundaravadivelu
_9224744
245 0 _aSoviet unionlo vidya
260 _c1977
650 _aEDUCATION
942 _hT.58.N, 35L7
_cTEXL
_2CC
999 _c467384
_d467384